000 00507nmm a2200157Ia 4500
008 251105s9999||||xx |||||||||||||||||und||
020 _a9789560101945
041 _aspa
100 _aHuidobro, María Gabriela
245 0 _aDe heroínas, fundadoras y ciudadanas : Mujeres en la historia de Chile
264 _a[Santiago de Chile, Chile] :
_bRil editores,
_c2015
300 _a202 páginas
650 _aGender and Women Studies
856 _uhttps://public.digitaliapublishing.com/a/39365
942 _cCF
999 _c93696
_d93696